| 000 | 00833nam a22002177a 4500 | ||
|---|---|---|---|
| 005 | 20100813104517.0 | ||
| 010 | _aENG-100176 | ||
| 020 |
_a8170342624 _c850.00 |
||
| 035 | _aEN-83708 | ||
| 037 | _bDBAD/PUB | ||
| 082 | _a410 | ||
| 100 |
_aSomaiya, Shantilal K. _913908 |
||
| 245 |
_aSanskrit words in southeast Asian languages / _bby Shantilal K. Somaiya ; edited by Satya Vrat Shastri..[et.al.] |
||
| 260 |
_aNew Delhi _bSomaiya publications _c2005 |
||
| 270 |
_a6thFloo, Bank of Baroda Building Parliament Street _bNew Delhi _e110001 |
||
| 300 |
_axxii, 720 p. _c21cm (Pbk) |
||
| 650 |
_aSanskrit languge _vForeign word & phrase _913909 |
||
| 700 |
_aShastr, Satya Vrat _912574 |
||
| 942 |
_2ddc _cEN _h410 _mSOM |
||
| 999 |
_c41605 _d41605 |
||